| 000 | 00772nam a2200205 a 4500 | ||
|---|---|---|---|
| 003 | 0 | ||
| 005 | 20250609152059.0 | ||
| 008 | 021114s19uu xx 00 eng d | ||
| 050 |
_aPGS RA 643.5.D45 _b.C545 1999 |
||
| 100 | _aCho, Woo Sung. | ||
| 245 |
_aThe awareness on the dengue disease of grade 6 students of Southville International School / _cCho, Woo Sung Cho. |
||
| 260 |
_aLas PiƱas City, Philippines : _bSouthville International School and Colleges, _c1999. |
||
| 300 |
_a33 pages : _bcolored illustrations ; _c28 cm. |
||
| 504 | _aIncludes bibliographical references. | ||
| 650 |
_aDengue _vPrevention. |
||
| 650 |
_aDengue _vStudy and teaching (Elementary). |
||
| 650 | _aHealth education. | ||
| 650 |
_aStudents _vHealth and hygiene. |
||
| 942 |
_2lcc _cPASS |
||
| 999 |
_c96161 _d96161 |
||